Technológia zvárania 2016 - Technológia rozvoja priemyslu Európskej únie vedecký seminár, Bratislava, 8.11.2016 /

Salvato in:
Dettagli Bibliografici
Ente Autore: Technológia zvárania 2016 Bratislava
Altri autori: Polák, Peter (Revisore), Hodúlová, Erika, 1978- (Revisore)
Natura: Atti del Convegno Libro
Lingua:slovacco
Pubblicazione: Trnava : AlumniPress, 2016
Edizione:1. vyd.
Tags: Aggiungi Tag
Nessun Tag, puoi essere il primo ad aggiungerne!!

MARC

LEADER 00000nam a22000003a 4500
001 0018813
003 SK-STU
005 20161122100408.2
007 ta
008 161122s ----xo-----e------100-0-----d
020 |a 978-80-8096-238-8 
040 |a STU  |b slo 
041 0 |a slo 
044 |a xo 
111 2 |a Technológia zvárania 2016  |d 8.11.2016 :  |c Bratislava 
245 1 0 |a Technológia zvárania 2016 - Technológia rozvoja priemyslu Európskej únie  |h [elektronický zdroj] :  |b vedecký seminár, Bratislava, 8.11.2016 /  |c rec. Peter Polák, Erika Hodúlová 
250 |a 1. vyd. 
260 |a Trnava :  |b AlumniPress,  |c 2016 
300 |a CD-ROM 
700 1 |a Polák, Peter  |4 rev 
700 1 |a Hodúlová, Erika,  |d 1978-  |u 063000  |r Z2  |4 rev  |U MTF Materiálovotechnologická fakulta  |T MTF Ústav výrobných technológií  |X 2765  |U M3000  |Y 83  |7 A000002765 
996 |b 284M086941  |c M* CD-2618  |l MMKN  |s A  |a 24  |w 0018813_0001